Politics for a new India: (Record no. 159087)

MARC details
000 -LEADER
fixed length control field 00677nam a22001697a 4500
008 - FIXED-LENGTH DATA ELEMENTS--GENERAL INFORMATION
fixed length control field 181129b ||||| |||| 00| 0 eng d
020 ## - INTERNATIONAL STANDARD BOOK NUMBER
International Standard Book Number 9788129151612
Terms of availability 395.00
035 ## - SYSTEM CONTROL NUMBER
System control number B-713008
040 ## - CATALOGING SOURCE
Original cataloging agency dpl
Language of cataloging en
082 ## - DEWEY DECIMAL CLASSIFICATION NUMBER
Classification number 320
245 ## - TITLE STATEMENT
Title Politics for a new India:
Remainder of title a nationalistic perspective
Statement of responsibility, etc :edited by Shriprakash Singh
260 ## - PUBLICATION, DISTRIBUTION, ETC. (IMPRINT)
Place of publication, distribution, etc New Delhi
Name of publisher, distributor, etc Rupa
Date of publication, distribution, etc 2018
270 ## - ADDRESS
Address 7/16, Ansari Road, Daryaganj, New Delhi-110002
300 ## - PHYSICAL DESCRIPTION
Extent xxvi;302p.
Dimensions 22cm.
942 ## - ADDED ENTRY ELEMENTS (KOHA)
Source of classification or shelving scheme Dewey Decimal Classification
Item type English Books
Classification part 320
Call number suffix POL
Holdings
Withdrawn status Lost status Source of classification or shelving scheme Damaged status Not for loan Collection code Home library Current library Shelving location Date acquired Source of acquisition Cost, normal purchase price Total Checkouts Total Renewals Full call number Barcode Date last seen Cost, replacement price Koha item type
    Dewey Decimal Classification     Non-fiction Patel Nagar Patel Nagar General Stacks 28/11/2018 Pansy Books/1801, 27/11/2018/DPL/PN/RP/2015-16/1290,19/11/2018 395.00 7 2 320 SIN B-713008 02/08/2023 395.00 English Books

© Delhi Public Library
Hit Counter
free hit counter